Statistics for FIFA PREMIER LEAGUE ASSIST LEADERS BY YEAR

Click here to take the quiz!

General Stats

  • This quiz has been taken 35 times
  • The average score is 11 of 16

Answer Stats

HintAnswer% Correct
20 - Man CityKevin De Bruyne (12)
100%
22 - Man CityKevin De Bruyne (16)
100%
22 - LiverpoolMohamed Salah (12)
91%
21 - LiverpoolMohamed Salah (13)
91%
22 - ArsenalBukayo Saka (11)
88%
20 - TottenhamHarry Kane (14)
85%
20 -TottenhamSon Heung-Min (10)
85%
21 - LiverpoolTrent Alexander-Arnold (12)
79%
20 - Man UnitedBruno Fernandes (12)
74%
21 - LiverpoolAndy Robertson (10)
59%
21 - Leicester CityHarvey Barnes (10)
44%
20 - Aston VillaJack Grealish (10)
41%
21 - West HamJarrod Bowen (10)
41%
21 - ChelseaMason Mount (10)
38%
22 - Crystal PalaceMichael Olise (11)
38%
22 - ArsenalLeandro Trossard (12)
15%

Score Distribution

Percentile by Number Answered

Percent of People with Each Score

Your Score History

You have not taken this quiz